| 000 | 01113nam0a22003011 4500 | ||
|---|---|---|---|
| 001 | rc\3007055 | ||
| 005 | 20250806202752.0 | ||
| 035 | _a(NLR Aleph) 007216220 | ||
| 090 |
_a61239 _c61239 |
||
| 100 | _a20110922d1941 u y0rusy50 ca | ||
| 101 | 0 | _arus | |
| 102 | _aRU | ||
| 105 | _aa z ||||| | ||
| 200 | 1 |
_aСлавный путь народов Севера _eК 10-летию образованию Ямало-Ненец. нац. округа |
|
| 210 |
_a[Омск] _cОмгиз _d1941 |
||
| 215 |
_a84 с. _cил. _d23 см |
||
| 300 | _aНа обороте тит. л. указаны составители: П.В. Байнарович, Л.Б. Баски, К.Ф. Кошелев и др. | ||
| 601 | 0 | 1 | _aЯмало-Ненецкий национальный округ |
| 701 | 1 |
_aБайнарович _bП.В. |
|
| 701 | 1 |
_aБаски _bЛ.Б. |
|
| 701 | 1 |
_aКошелев _bК.Ф. |
|
| 801 | 0 |
_aRU _bNLR _gpsbo |
|
| 801 | 1 |
_aRU _bELAR _2rusmarc |
|
| 852 |
_aNLR _jИр80 Г-3/8 |
||
| 942 | _cBOOK | ||
| 945 | _aРоссийская национальная библиотека | ||
| 980 | _aNB | ||
| 980 | _aBV | ||